| 000 | 01060nam0a22002651 4500 | ||
|---|---|---|---|
| 001 | RU\INFOCOMM_318\5000050019 | ||
| 005 | 20250613102212.0 | ||
| 035 | _a(NLR Aleph) 009430336 | ||
| 090 |
_a8279650 _c8279650 |
||
| 100 | _a20121112d1929 |||y0rusy50 ca | ||
| 101 | 0 | _ager | |
| 102 | _aRU | ||
| 105 | _ay z ||||| | ||
| 200 | 1 |
_aDeutsches und französisches, genossenschaftsrecht _eEin vergleich ... _eInaug.-Diss. ... der ... Rechts- und Staatswissenschaftlichen Fakultät der ... Universität zu Königsberg i. Pr. ... _fvon Walter Holtz ... |
|
| 210 |
_aKönigsberg i. Pr. _d1929 _gdruck der Ostpreussischen druck. und Verlagsanstalt A.-G. |
||
| 215 |
_a79 с. _d23 см |
||
| 606 |
_aКооперация _yФранция _2nlr_sh1 |
||
| 606 |
_aКооперативные товарищества _xПравовое положение _91377928 _3RU\NLR\AUTH\66577994 |
||
| 620 | _aКалининград | ||
| 700 | 1 |
_aHoltz _bW. _gWalter |
|
| 801 | 1 |
_aRU _bNLR _c20121113 |
|
| 801 | 0 |
_aRU _bINFOCOMM _gPSBO |
|
| 852 |
_aNLR _jЕ-11/97 |
||
| 942 | _cBOOK | ||
| 980 | _aNB | ||